[Event "15th Open"]
[Site "Balaguer ESP"]
[Date "2010.07.21"]
[Round "3"]
[White "Neiksans,A"]
[Black "Maletin,P"]
[Result "1/2-1/2"]
[WhiteElo "2485"]
[BlackElo "2617"]

1.e4 c5 2.Nf3 Nc6 3.d4 cxd4 4.Nxd4 e6 5.Nc3 Qc7 6.g3 a6 7.Bg2 d6 8.O-O Bd7
9.Re1 Be7 10.Nxc6 Bxc6 11.Qg4 h5 12.Qe2 h4 13.a4 hxg3 14.hxg3 Nf6 15.Bg5 Nxe4
16.Nxe4 Bxe4 17.Qxe4 Bxg5 18.Qxb7 Qxb7 19.Bxb7 Ra7 20.Be4 a5 21.Re2 Ke7 22.c3 Bf6
23.Rd1 g5 24.Kg2 Be5 25.Rh1 Rxh1 26.Kxh1 f5 27.Bc6 Kf6 28.Kg2 Rc7 29.Bb5 d5
30.Rd2 Bd6 31.Rd1 Be5 32.f3 d4 33.f4 gxf4 34.cxd4 Bd6 35.gxf4 Bxf4 36.Kf3 Bg5
37.Re1 Rh7 38.Kg2 Bh4 39.Re2 Rg7+ 40.Kf1 f4 41.Bc4 f3 42.Rxe6+ Kf5 43.Re8 f2
44.Rf8+ Ke4 45.Rg8 Rxg8 46.Bxg8  1/2-1/2

[Event "Corporation Centre Cup"]
[Site "Izhevsk RUS"]
[Date "2010.07.21"]
[Round "7"]
[White "Ovetchkin,R"]
[Black "Alavkin,A"]
[Result "1/2-1/2"]
[WhiteElo "2511"]
[BlackElo "2447"]

1.e4 c5 2.Nf3 e6 3.d4 cxd4 4.Nxd4 Nc6 5.Nc3 Qc7 6.Be3 Nf6 7.f4 Bb4 8.Nb5 Qa5
9.e5 Nd5 10.Bd2 Nxc3 11.Nxc3 d5 12.Bd3 Qb6 13.Qg4 Bf8 14.a3 Bd7 15.Nd1 h5
16.Qe2 g6 17.Be3 Bc5 18.Bxc5 Qxc5 19.Qf2 Qxf2+ 20.Kxf2 Ke7 21.h4 Rac8 22.Ne3 b5
23.Rhe1 Na5 24.b4 Nb7 25.Nf1 Rc7 26.Nd2 Ra8 27.Nb3 Be8 28.Ke3 a6 29.Kd2 Nd8
30.Reb1 Nb7 31.Nd4 Nd8 32.Rb3 Rac8 33.Ne2 Nc6 34.Rc3 Kd8 35.Rc5 Nb8 36.Rxc7 Kxc7
37.Nc3 Kb6 38.Ne2 Nc6 39.Rb1 Rc7 40.Ke3 Rc8 41.c3 Nb8 42.Kd2 Nc6 43.Bc2 Rd8
44.Ke3 Rc8 45.Bd3 Rc7 46.Kf3 Rd7 47.Rd1 Ra7 48.g4 hxg4+ 49.Kxg4 Kc7 50.Kg5 Kd8
51.Kf6 Nb8 52.Rh1 Nd7+ 53.Kg5 Rc7 54.Rh3 Nb6 55.Re3 Ke7 56.h5 gxh5 57.Kxh5 Na4
58.Bc2 d4 59.Nxd4 Nxc3 60.Kg5 Nd5 61.Rd3 Bd7 62.Bb3 f6+ 63.exf6+ Nxf6 64.Re3 Rc1
65.Bxe6 Rg1+ 66.Kf5 Nd5 67.Re5 Nc3 68.Bxd7+ Kxd7 69.Nb3 Kd6 70.Re3 Nd5 71.Re6+ Kc7
72.Rxa6 Rf1 73.Ke4 Nxf4 74.Rf6 Rb1 75.Nd4 Nh5 76.Nxb5+ Kd7 77.Rd6+ Ke7 78.Rd3 Nf6+
79.Kd4 Nd7 80.Re3+ Kd8 81.Nc3 Ra1 82.a4 Kc7 83.a5 Nb8 84.Kc5 Nc6 85.Nb5+ Kb7
86.Nd6+ Kc7 87.Nc4 Rh1 88.Nd2 Rh5+ 89.Kc4 Nxa5+ 90.bxa5 Rxa5 91.Nb3 Rh5 92.Nc5 Rh1
93.Re7+ Kd6 94.Re6+ Kc7 95.Nd3 Rd1 96.Ne5 Rc1+ 97.Kd5 Rd1+ 98.Kc5 Rc1+ 99.Nc4 Kd7
100.Re3 Rc2 101.Kd5 Rc1 102.Ne5+ Kc7 103.Nd3 Rh1 104.Re7+ Kb6 105.Re6+ Kb5
106.Re2 Kb6 107.Rc2 Rh8 108.Rb2+ Kc7 109.Nf4 Rh1 110.Ne6+ Kc8 111.Kc6 Rc1+
112.Nc5 Rh1 113.Re2 Rh6+ 114.Ne6 Rg6 115.Kd6 Kb7 116.Kd7 Kb6 117.Rb2+ Ka5
118.Kd6 Rg1 119.Kc6 Ka4 120.Nd4 Ka3 121.Rb8 Rc1+ 122.Kd5 Ka2 123.Ke4 Rd1
124.Ne2 Rd7 125.Nc3+ Ka3 126.Nd5 Rh7 127.Kd4 Rh4+ 128.Kd3 Rh3+ 129.Ne3 Ka4
130.Kc4 Rh4+ 131.Kc5 Rh5+ 132.Nd5 Ka3 133.Rb7 Rg5  1/2-1/2

[Event "Corporation Centre Cup"]
[Site "Izhevsk RUS"]
[Date "2010.07.21"]
[Round "7"]
[White "Severiukhina,Z"]
[Black "Shcherbakov,R"]
[Result "0-1"]
[WhiteElo "2341"]
[BlackElo "2516"]

1.e4 c5 2.Nf3 e6 3.d4 cxd4 4.Nxd4 Nc6 5.Nc3 d6 6.g3 Nf6 7.Bg2 Bd7 8.O-O Be7
9.Nxc6 Bxc6 10.e5 dxe5 11.Bxc6+ bxc6 12.Qe2 Qc7 13.Re1 Nd7 14.Qg4 h5 15.Qc4 Rb8
16.a3 Nb6 17.Qe2 Nd5 18.Na4 f6 19.f4 h4 20.fxe5 f5 21.g4 Nb6 22.Nxb6 Qxb6+
23.Kh1 O-O 24.g5 g6 25.Qc4 Kf7 26.b4 Qb5 27.Qxb5 cxb5 28.Be3 Rbc8 29.Rad1 Rfd8
30.Rxd8 Rxd8 31.Kg2 Rc8 32.Kh3 Rxc2 33.Rc1 Re2 34.Rc3 a6 35.Kxh4 Rxh2+ 36.Kg3 Ra2
37.Bc1 Ke8 38.Rc6 Kd7 39.Rxa6 Bxb4 40.Ra7+ Kc6 41.Ra6+ Kd5 42.Rb6 Bxa3 43.Rxb5+ Bc5
44.Bb2 Ke4 45.Rb3 Ra4 46.Rb7 Rb4 47.Rc7 Rb3+  0-1

[Event "21st Czech Rapid Open"]
[Site "Pardubice CZE"]
[Date "2010.07.21"]
[Round "2"]
[White "Morozov,D"]
[Black "Zakhartsov,Vi"]
[Result "0-1"]
[WhiteElo "2354"]
[BlackElo "2608"]

1.e4 c5 2.Nf3 e6 3.d4 cxd4 4.Nxd4 Nc6 5.Nc3 Qc7 6.Be3 a6 7.Qd2 Nf6 8.O-O-O Bb4
9.f3 Ne5 10.Nb3 b5 11.Qe1 Be7 12.f4 Ng6 13.e5 Ng4 14.Bd4 Bb7 15.Qg3 h5 16.Bd3 Bh4
17.Qh3 Bf2 18.Bxg6 fxg6 19.Rhf1 Bxd4 20.Rxd4 O-O-O 21.a4 Qb6 22.axb5 axb5
23.Qd3 Bxg2 24.Nxb5 Bxf1 25.Qxf1 d5 26.exd6 Kd7 27.Rc4 Ne3 28.Qd3 Nxc4 29.Qxc4 Qg1+
30.Kd2 Qf2+ 31.Kd1 Rc8 32.Nc7 Kxd6 33.Nd4 Qg1+ 34.Kd2 Qxh2+ 35.Kc3 Qg3+ 36.Kb4 Qe1+
37.c3 Ke7 38.Ndxe6 Rxc7 39.Nxc7 Rd8 40.Qc5+ Kf7 41.Qc4+ Kf6 42.Nd5+ Rxd5
43.Qxd5 h4 44.Qd4+ Kf7 45.Kb5 Qe8+ 46.Kb4 h3 47.Qd3 Qb8+ 48.Kc5 Qc8+ 49.Kb6 Qe6+
50.Kc7 h2 51.Qf3 Kg8 52.Qa8+ Kh7 53.Qg2 Qc4+ 54.Kb6 Qxf4 55.c4 Qh4 56.Qh1 Qf2+
57.c5 Qg1  0-1

[Event "4th Open"]
[Site "Vecindario ESP"]
[Date "2010.07.21"]
[Round "5"]
[White "Cabrera Trujillo,J"]
[Black "Natalicchio Escalante,N"]
[Result "1/2-1/2"]
[WhiteElo "2365"]
[BlackElo "2193"]

1.e4 c5 2.Nf3 e6 3.d4 cxd4 4.Nxd4 Nc6 5.Nc3 Qc7 6.Be3 a6 7.Bd3 Nf6 8.O-O Ne5
9.Nf3 Nfg4 10.Nxe5 Nxe3 11.Qh5 g6 12.Qf3 Qxe5 13.fxe3 f6 14.Qxf6 Qxf6 15.Rxf6 Bg7
16.Rf3 b5 17.Raf1  1/2-1/2

[Event "Corporation Centre Cup"]
[Site "Izhevsk RUS"]
[Date "2010.07.22"]
[Round "8"]
[White "Amonatov,F"]
[Black "Geller,J"]
[Result "1-0"]
[WhiteElo "2608"]
[BlackElo "2539"]

1.e4 c5 2.Nf3 e6 3.d4 cxd4 4.Nxd4 Nc6 5.Nc3 Qc7 6.Be3 a6 7.Qd2 Nf6 8.O-O-O Be7
9.f3 O-O 10.g4 b5 11.g5 Nh5 12.Kb1 Nxd4 13.Bxd4 Bb7 14.Ne2 e5 15.Bc3 Rac8
16.a3 d5 17.Ba5 Qd7 18.h4 Rc5 19.Bh3 Qc6 20.Bg4 Nf4 21.Nxf4 exf4 22.Bb4 dxe4
23.Qd7 Re8 24.Bxc5 Bxc5 25.fxe4 Qxd7 26.Bxd7 Rf8 27.Rhf1 Be3 28.e5 Bg2 29.Rfe1 Rd8
30.Bc6  1-0

[Event "21st Czech Rapid Open"]
[Site "Pardubice CZE"]
[Date "2010.07.22"]
[Round "6"]
[White "Haimovich,T"]
[Black "Zakhartsov,Vi"]
[Result "1/2-1/2"]
[WhiteElo "2427"]
[BlackElo "2608"]

1.e4 c5 2.Nf3 e6 3.d4 cxd4 4.Nxd4 Nc6 5.Nc3 Qc7 6.Be2 a6 7.O-O Nf6 8.Be3 Bb4
9.Na4 Be7 10.Nxc6 bxc6 11.Nb6 Rb8 12.Nxc8 Qxc8 13.Bd4 Qc7 14.Qd3 a5 15.b3 O-O
16.Rad1 Rfd8 17.e5 Nd5 18.Qe4 c5 19.Bb2 Rb4 20.c4 Bf8 21.Rd3 Ne7 22.Rh3 Ng6
23.Rd1 d5 24.exd6 Rxd6 25.Rhd3 Rb8 26.g3 a4 27.h4 axb3 28.axb3 Rxd3 29.Rxd3 Bd6
30.h5 Nf8 31.Rxd6 Qxd6 32.Be5 Qd8 33.Qg4 f6 34.Bxb8 Qxb8 35.h6 Qc7 36.hxg7 Qxg7
37.Qe4 Qd7 38.Qg4+ Kf7 39.Qh5+ Kg7 40.Qxc5 Ng6 41.b4 Qd2 42.Qe3 Qxb4 43.Qxe6 Ne5
44.Kg2 Qd2 45.Qe7+ Kg6 46.Bf3 Qd4 47.c5 Qd3 48.Qb7 Qc3 49.Qe4+ f5 50.Qe3 Qxe3
51.fxe3 Kf6 52.e4 fxe4 53.Bxe4 h6 54.Kh3 Ke6 55.Kh4 Nd7 56.c6 Nf6 57.Bg2 Kd6
58.g4 Ng8 59.Kg3 Ne7 60.Kf4 Ke6 61.Bf3 Kd6 62.Be4 Ke6 63.Bf5+ Kd6 64.Bd7 Nd5+
65.Kg3 Nf6 66.Kh4 Kc7 67.Kg3 Kd6 68.Kf4 Nd5+ 69.Ke4 Ne7 70.Be8 Nd5 71.Bd7 Ne7
72.Kf4 Nd5+ 73.Ke4 Ne7 74.Be8 Nd5 75.Bd7 Ne7 76.Kf4 Nd5+ 77.Kg3 Nf6 78.Kh3 Nd5
79.Kg2 Nf6 80.Kg3 Nd5 81.Kf3 Nf6 82.Kf4 Nd5+ 83.Ke4 Ne7 84.Be8 Nd5 85.Bd7  1/2-1/2

[Event "21st Czech Rapid Open"]
[Site "Pardubice CZE"]
[Date "2010.07.22"]
[Round "9"]
[White "Mamedov,Rau"]
[Black "Suran,J"]
[Result "0-1"]
[WhiteElo "2660"]
[BlackElo "2371"]

1.e4 c5 2.Nf3 e6 3.d4 cxd4 4.Nxd4 Nc6 5.Nc3 Qc7 6.Be2 a6 7.O-O Nf6 8.Be3 Be7
9.f4 d6 10.a4 O-O 11.Kh1 Nxd4 12.Qxd4 Bd7 13.e5 Ne8 14.Bf3 Bc6 15.Ne4 Rd8
16.Qc3 f6 17.exf6 Bxf6 18.Qb3 Bd5 19.Qb4 Qc6 20.Rad1 a5 21.Nxf6+ Nxf6 22.Qxa5 Bxf3
23.Rxf3 Qxc2 24.Rff1 Nd5 25.Bd4 Nxf4 26.Rd2 Qe4 27.Qg5 e5 28.Bb6 Ne6 29.Rxf8+ Rxf8
30.Qg3 Rf1+ 31.Bg1 Nd4 32.h3 Ne2 33.Qb3+ Kf8 34.Rxe2 Qxe2 35.Qb6 Qd1 36.Qd8+ Kf7
37.Qd7+ Kf8 38.Qc8+ Ke7 39.Qxb7+ Kf6 40.Qb6 Qd4 41.Qd8+ Kg6 42.Qe8+ Kh6 43.Qe6+ g6  0-1

[Event "21st Czech Rapid Open"]
[Site "Pardubice CZE"]
[Date "2010.07.22"]
[Round "9"]
[White "Adhiban,B"]
[Black "Grigoriants,S RUS"]
[Result "1/2-1/2"]
[WhiteElo "2483"]
[BlackElo "2566"]

1.e4 c5 2.Nf3 e6 3.d4 cxd4 4.Nxd4 Nc6 5.Nc3 a6 6.Be2 d6 7.O-O Nf6 8.a4 Be7
9.Kh1 Bd7 10.Nb3 Na5 11.Nxa5 Qxa5 12.Qd4 O-O 13.Be3 Rac8 14.f4 Bc6 15.Bf3 Qc7
16.a5 e5 17.Qd2 exf4 18.Bb6 Qb8 19.Qxf4 Nd7 20.Bd4 Bf6 21.Bxf6 Nxf6 22.Rfd1 Rcd8
23.Ne2 Rfe8 24.Ng3 Re6 25.c4 b6 26.Nf5 Bxe4 27.Bxe4 Nxe4 28.Nd4 d5 29.Nxe6 fxe6
30.Qxb8 Rxb8 31.Kg1 dxc4 32.Rd4 Nf6 33.Rxc4 bxa5 34.Rxa5 Rxb2 35.Rxa6 Rb1+
36.Kf2 Rb2+ 37.Kf3 Rb3+ 38.Kf4 Nd5+ 39.Ke5 Rb5 40.Kxe6 h6 41.Ra7 Ne3 42.Re4 Rb6+
43.Ke5 Nxg2 44.Rg4 Rb5+ 45.Kd6 Rg5 46.Rxg5 hxg5 47.Ra5 Kf7 48.Rxg5 Nh4 49.Rg4 Nf5+
50.Ke5 g6 51.Ra4 Kg7 52.Ra7+ Kh6 53.Kf6 Ne3 54.h3 Nd5+ 55.Ke5 Ne3 56.Ra4 Nf5
57.Kf6 Ng3 58.Rh4+ Nh5+ 59.Kf7 g5 60.Rg4 Nf4 61.h4 Kh5 62.Rxg5+ Kxh4 63.Rg8 Nh5
64.Ke6 Ng3 65.Ke5 Nh5 66.Kf5 Ng3+ 67.Kf4 Nh5+ 68.Kf3 Kh3 69.Rg1 Kh4 70.Rg2 Nf6
71.Rg6 Nh5 72.Rg4+ Kh3 73.Ra4 Nf6 74.Ra5 Kh4 75.Re5 Nh5 76.Rf5 Ng7 77.Ke4  1/2-1/2

[Event "15th Open"]
[Site "Balaguer ESP"]
[Date "2010.07.23"]
[Round "5"]
[White "Vocaturo,D"]
[Black "Quesada Perez,Yu"]
[Result "1/2-1/2"]
[WhiteElo "2526"]
[BlackElo "2603"]

1.e4 c5 2.Nf3 e6 3.d4 cxd4 4.Nxd4 Nc6 5.Nc3 Qc7 6.Be3 a6 7.Qd2 Nf6 8.O-O-O Bb4
9.f3 O-O 10.g4 Ne5 11.g5 Nh5 12.a3 Bxc3 13.Qxc3 Qxc3 14.bxc3 d5 15.Nb3 dxe4
16.fxe4 Ng6 17.e5 Nxe5 18.Be2 g6 19.Bxh5 gxh5 20.Bc5 Re8 21.Nd2 Nd7 22.Ne4 Nxc5
23.Nxc5 e5 24.Nd7 Bxd7 25.Rxd7 e4 26.Rf1 e3 27.Rfxf7 e2  1/2-1/2

[Event "Corporation Centre Cup"]
[Site "Izhevsk RUS"]
[Date "2010.07.23"]
[Round "9"]
[White "Tsvetkov,Pavel"]
[Black "Ospennikov,D"]
[Result "0-1"]
[WhiteElo "2054"]
[BlackElo "2230"]

1.e4 c5 2.Nf3 e6 3.d4 cxd4 4.Nxd4 Nc6 5.Nc3 d6 6.Be3 Nf6 7.f3 Be7 8.Qd2 O-O
9.O-O-O a6 10.g4 Qc7 11.g5 Nd7 12.f4 Nxd4 13.Bxd4 b5 14.f5 Ne5 15.Be3 b4
16.Na4 Rb8 17.f6 gxf6 18.gxf6 Bxf6 19.Bh6 Rd8 20.Rg1+ Kh8 21.Qf4 Qe7 22.Nc5 Ng6
23.Qg3 a5 24.Nd3 Bb7 25.Bg2 Rbc8 26.Rdf1 Ba6 27.Qf3 Bd4 28.Bh3 Bxg1 29.Rxg1 Bxd3
30.Qxd3 Rg8 31.Qd4+ Ne5 32.Rd1 Rc4 33.Qf2 Rg6 34.Bf4 Rxe4 35.Bg3 f5 36.Qb6 Nc4
37.Qb5 f4 38.Bf2 Ne3  0-1

[Event "Corporation Centre Cup"]
[Site "Izhevsk RUS"]
[Date "2010.07.23"]
[Round "9"]
[White "Geller,J"]
[Black "Shcherbakov,R"]
[Result "1-0"]
[WhiteElo "2539"]
[BlackElo "2516"]

1.e4 c5 2.Nf3 e6 3.d4 cxd4 4.Nxd4 Nc6 5.Nc3 d6 6.g4 Nge7 7.Be3 a6 8.Nb3 b5
9.f4 g5 10.fxg5 Ne5 11.Qe2 Nc4 12.O-O-O Ng6 13.Kb1 Nxe3 14.Qxe3 h6 15.e5 Nxe5
16.Bg2 Rb8 17.gxh6 Bxh6 18.Qg3 Bg7 19.Ne4 Rb6 20.g5 Bb7 21.h4 Bxe4 22.Bxe4 Nc4
23.c3 b4 24.Bd3 Ne5 25.c4 Qc7 26.h5 Nxc4 27.Bxc4 Qxc4 28.Qf3 Qc6 29.Qg4 Qb5
30.h6 Be5 31.g6 fxg6 32.Qxe6+ Kd8 33.Qxg6 Kc7 34.h7 Kb8 35.Nd4 Qc4 36.Nf3 Bxb2
37.Kxb2 b3 38.a3 Rc8 39.h8=Q Qc2+ 40.Qxc2 bxc2+ 41.Ka2 cxd1=Q 42.Qxc8+ Kxc8
43.Rxd1 Rc6 44.Nd4 Rc4 45.Nf5 Rf4 46.Nxd6+ Kc7 47.Kb3 Kc6 48.Nc4 Kc5 49.Ne5 Rh4
50.Rc1+ Kb6 51.Rc4 Rh3+ 52.Kb4 Re3 53.Nd7+ Kb7 54.a4 Rh3 55.Nc5+ Ka7 56.Re4 Rh1
57.Re7+ Ka8 58.Ka5 Rh6 59.Re6 Rh5 60.Kb6  1-0

[Event "Corporation Centre Cup"]
[Site "Izhevsk RUS"]
[Date "2010.07.23"]
[Round "9"]
[White "Orekhov,V"]
[Black "Vaseptsov,Maxim"]
[Result "0-1"]
[WhiteElo "1825"]
[BlackElo "2156"]

1.e4 c5 2.Nf3 e6 3.d4 cxd4 4.Nxd4 Nc6 5.Nc3 d6 6.Be2 Nf6 7.O-O Be7 8.Kh1 O-O
9.f4 Nxd4 10.Qxd4 b6 11.Bd3 d5 12.Qf2 dxe4 13.Nxe4 Bb7 14.Ng5 h6 15.Nf3 Ne4
16.Qe2 Nc5 17.Bc4 Bf6 18.Ne5 Qc7 19.Ng4 Be7 20.f5 exf5 21.Rxf5 Qc6 22.Ne5 Qe4
23.Qxe4 Bxe4 24.Rxf7 Rxf7 25.Bxf7+ Kh7 26.Bb3 Nxb3 27.cxb3 Rc8 28.Nc4 b5
29.Ne3 Bf6 30.Bd2 Bxb2 31.Re1 Bd4 32.Nf1 Bd5 33.Be3 Bc3 34.Rc1 b4 35.Bd4 a5
36.Bxc3 Rxc3 37.Rxc3 bxc3 38.Ng3 a4 39.Ne2 c2 40.bxa4 Bc4 41.Nc1 Kg6 42.Kg1 Kf5
43.Kf2 Ke4 44.a5 Kd4 45.h4 Bb5 46.h5 Bc4 47.g3 Ba6 48.Kf3 Bc4 49.Kf2 Ke4
50.Ke1 Ke3  0-1

[Event "21st Czech GM Open"]
[Site "Pardubice CZE"]
[Date "2010.07.23"]
[Round "1"]
[White "Hirneise,J"]
[Black "Sethuraman,S"]
[Result "0-1"]
[WhiteElo "2276"]
[BlackElo "2513"]

1.e4 c5 2.Nf3 e6 3.d4 cxd4 4.Nxd4 Nc6 5.Nc3 Qc7 6.Be2 a6 7.Be3 Nf6 8.a3 Be7
9.f4 d6 10.g4 Nd7 11.g5 O-O 12.h4 b5 13.h5 Bb7 14.h6 g6 15.Bg4 Nc5 16.Nxc6 Bxc6
17.O-O Rad8 18.b4 Nd7 19.f5 d5 20.Qe1 Ne5 21.Qg3 Bd6 22.Bf4 dxe4 23.Rad1 Qa7+  0-1

[Event "4th Open"]
[Site "Vecindario ESP"]
[Date "2010.07.23"]
[Round "7"]
[White "Bressac,S"]
[Black "Vega Gutierrez,S"]
[Result "1-0"]
[WhiteElo "2190"]
[BlackElo "2373"]

1.e4 c5 2.Nf3 e6 3.d4 cxd4 4.Nxd4 Nc6 5.Nc3 a6 6.g3 d6 7.Bg2 Bd7 8.O-O Nf6
9.Be3 Be7 10.Qe2 Qc7 11.Rad1 O-O 12.Kh1 b5 13.a3 Rac8 14.Nb3 Ne5 15.f4 Nc4
16.Bc1 e5 17.fxe5 dxe5 18.Rxf6 Bxf6 19.Nd5 Qc6 20.Nxf6+ gxf6 21.Qh5 Rfd8
22.Rf1 Qe6 23.Qh4 Rc6 24.h3 Bc8 25.Kh2 Kh8 26.Rf5 Rg8 27.Rh5 Rg7 28.Bh6 Rg6
29.Nc5 Rxc5 30.Bf8 Kg8 31.Bxc5 Rg7 32.Rh6 Qd7 33.Rxf6 Rg6 34.b3 Qc7 35.Be7 Rg7
36.bxc4 Qxe7 37.Rc6 Qd7 38.cxb5 axb5 39.Rc5 Bb7 40.Rxb5 Rg6 41.Rxe5 Qd6 42.Re8+ Kg7
43.Qf4 Qxa3 44.Qe5+ Kh6 45.Re7  1-0

[Event "Najdorf Mem Open A"]
[Site "Warsaw POL"]
[Date "2010.07.23"]
[Round "7"]
[White "Malec,S"]
[Black "Bove,A"]
[Result "1/2-1/2"]
[WhiteElo "2108"]
[BlackElo "2377"]

1.e4 c5 2.Nf3 e6 3.d4 cxd4 4.Nxd4 Nc6 5.Nc3 Qc7 6.Be2 a6 7.O-O Nf6 8.Be3 Be7
9.f4 d6 10.Kh1 O-O 11.a4 Bd7 12.Nb3 Nb4 13.Bd3 b5 14.a5 Bc6 15.Qe2 Nd7 16.Qg4 Nxd3
17.cxd3 b4 18.Ne2 Bb5 19.Rac1 Qb7 20.Bd4 Nf6 21.Qg3 g6 22.Qe3 Ng4 23.Qd2 Ba4
24.h3 Nf6 25.Bb6 Rfc8 26.Qxb4 Bb5 27.Qd2 d5 28.e5 Nd7 29.Bg1 Ba4 30.Nbd4 Bb4
31.Qe3 Rxc1 32.Rxc1 Bf8 33.b3 Bb5 34.Nc3 Bb4 35.Ncxb5 axb5 36.Nc6 Bxa5 37.Nxa5 Rxa5
38.Qe1 b4 39.Ra1 Rxa1 40.Qxa1 Nb8 41.Qa5 Nc6 42.Qc5 h6 43.Bf2 Kg7 44.Bh4 g5
45.fxg5 hxg5 46.Bxg5 Nxe5 47.Qd4 f6 48.Bxf6+ Kxf6 49.Qf4+ Ke7 50.Qxe5 Qc6
51.Qg7+ Ke8 52.Qh8+ Kf7 53.Qh5+ Kf8 54.h4 Qc3 55.Qd1 Qd4 56.h5 Qh4+ 57.Kg1 Qd4+
58.Kf1 Kg7 59.g4 Kf6 60.Qf3+ Kg5 61.Kg2 Qe5 62.Kh3 Qe1 63.Kg2 Qe5 64.Kh3 Qe1
65.Kg2  1/2-1/2

[Event "COQ Inv"]
[Site "Montreal CAN"]
[Date "2010.07.24"]
[Round "1"]
[White "Sapozhnikov,R"]
[Black "Cornette,M"]
[Result "0-1"]
[WhiteElo "2248"]
[BlackElo "2543"]

1.e4 c5 2.Nf3 e6 3.d4 cxd4 4.Nxd4 Nc6 5.Nc3 Qc7 6.Be3 a6 7.Qd2 Nf6 8.O-O-O Be7
9.f3 h5 10.Qf2 d6 11.h3 b5 12.Bd3 Ne5 13.Kb1 b4 14.Nce2 h4 15.Nb3 Bd7 16.Bb6 Qb8
17.f4 Nxd3 18.cxd3 Ba4 19.Nec1 O-O 20.Rde1 Nh5 21.Be3 Ng3 22.Rhg1 Rc8 23.Nd4 Bf6
24.Ncb3 e5 25.fxe5 dxe5 26.Nf5 Bxb3 27.axb3 Nxf5 28.Qxf5 Qb5 29.Rd1 a5 30.d4 a4
31.dxe5 axb3 32.e6 Ra1+  0-1

[Event "COQ Inv"]
[Site "Montreal CAN"]
[Date "2010.07.24"]
[Round "1"]
[White "Gerzhoy,L"]
[Black "Calugar,A"]
[Result "1-0"]
[WhiteElo "2471"]
[BlackElo "2144"]

1.e4 c5 2.Nf3 e6 3.d4 cxd4 4.Nxd4 Nc6 5.Nc3 Qc7 6.g3 a6 7.Bg2 Nxd4 8.Qxd4 d6
9.Bf4 Be7 10.O-O-O e5 11.Nd5 Qa5 12.Qc4 exf4 13.Nc7+ Kd8 14.Nxa8 f3 15.Bxf3 Be6
16.Rd5 Bxd5 17.exd5 Nf6 18.Kb1 Nd7 19.b4 Ne5 20.Qc3 Qa4 21.Nb6  1-0

[Event "3rd Open"]
[Site "Paleochora GRE"]
[Date "2010.07.24"]
[Round "4"]
[White "Georgiadis,I"]
[Black "Bulmaga,I"]
[Result "1-0"]
[WhiteElo "2457"]
[BlackElo "2258"]

1.e4 c5 2.Nf3 e6 3.d4 cxd4 4.Nxd4 Nc6 5.Nc3 Qc7 6.Be3 Nf6 7.f4 Bb4 8.Nb5 Qa5
9.e5 Nd5 10.Bd2 Nxc3 11.Nxc3 d5 12.exd6 Bxd6 13.Ne4 Bb4 14.a3 Bxd2+ 15.Qxd2 Qxd2+
16.Nxd2 O-O 17.O-O-O e5 18.fxe5 Nxe5 19.Nc4 Ng4 20.Rd4 Be6 21.Be2 Nh6 22.Nd6 Nf5
23.Nxf5 Bxf5 24.Bc4 Rad8 25.Rhd1 Rxd4 26.Rxd4 h5 27.Kd2 Rc8 28.Bd3 Bxd3 29.Kxd3 Rc7
30.Rd8+ Kh7 31.c4 Kg6 32.b4 b6 33.Kd4 Kf6 34.Kd5 Re7 35.Rd6+ Kf5 36.c5 Re3
37.a4 Ra3 38.Rd7 bxc5 39.bxc5 a5 40.c6 Ra2 41.Rxf7+ Kg6 42.Rf4  1-0

[Event "21st Czech GM Open"]
[Site "Pardubice CZE"]
[Date "2010.07.24"]
[Round "2"]
[White "Kislik,E"]
[Black "Tikkanen,H"]
[Result "0-1"]
[WhiteElo "2329"]
[BlackElo "2469"]

1.e4 c5 2.Nf3 e6 3.d4 cxd4 4.Nxd4 Nc6 5.Nc3 Qc7 6.Be2 Nf6 7.O-O a6 8.Be3 Be7
9.f4 d6 10.Kh1 O-O 11.a4 Re8 12.Qd2 Bd7 13.Nb3 Na5 14.Nxa5 Qxa5 15.b4 Qc7
16.Rab1 Rac8 17.Rb3 d5 18.exd5 Nxd5 19.Nxd5 exd5 20.Rb2 Bf6 21.Ra2 Bc3 22.Qd3 Qc4
23.Qxc4 dxc4 24.Rf3 Bg4  0-1

[Event "21st Czech GM Open"]
[Site "Pardubice CZE"]
[Date "2010.07.24"]
[Round "2"]
[White "Yuffa,D"]
[Black "Vaibhav,S"]
[Result "0-1"]
[WhiteElo "2187"]
[BlackElo "2419"]

1.e4 c5 2.Nf3 e6 3.d4 cxd4 4.Nxd4 Nc6 5.Nc3 Qc7 6.g3 a6 7.Bg2 d6 8.O-O Bd7
9.Re1 Be7 10.Nxc6 Bxc6 11.Qg4 h5 12.Qe2 h4 13.a4 hxg3 14.hxg3 Kf8 15.a5 Nf6
16.Be3 g6 17.Bb6 Qc8 18.Na4 Bb5 19.Qd1 Qe8 20.b3 Kg7 21.c4 Bc6 22.Nc3 e5
23.Bf3 Rc8 24.Ra2 Bd7 25.Be3 Be6 26.Bg5 Nh7 27.Bxe7 Qxe7 28.Nd5 Qd8 29.Nb6 Rc6
30.Rd2 Ng5 31.Bg2 Qe7 32.Re3 Bh3 33.Bxh3 Nxh3+ 34.Kf1 Qe6 35.Qf3 Ng5 36.Qg2 Rc5
37.Rd5 Rc6 38.Ke2 Qg4+ 39.f3 Qe6 40.Kd3 Qe7 41.Kc3 Ne6 42.Kb2 Qg5 43.Re2 Nd4
44.Rd2 Qe3 45.R5xd4 exd4 46.Nd5 Qe1 47.Rxd4 Rh1 48.Qd2 Qa1+ 49.Kc2 Rb1  0-1

[Event "4th Open"]
[Site "Vecindario ESP"]
[Date "2010.07.24"]
[Round "8"]
[White "Garcia Padron,Jo"]
[Black "Pile,R"]
[Result "0-1"]
[WhiteElo "2455"]
[BlackElo "2317"]

1.e4 c5 2.Nf3 e6 3.d4 cxd4 4.Nxd4 Nc6 5.Nc3 Qc7 6.Be3 a6 7.Nb3 Nf6 8.f4 Bb4
9.Bd3 d5 10.e5 d4 11.exf6 dxc3 12.O-O cxb2 13.Rb1 gxf6 14.Rxb2 Ne7 15.c4 Bd7
16.Qh5 f5 17.Bd4 Rg8 18.Be5 Bd6 19.Bxd6 Qxd6 20.Rd2 Bc6 21.Rff2 Qb4 22.Bf1 Qc3
23.Rd3 Qf6 24.Qd1 Ng6 25.Rh3 Rd8 26.Qe1 Rd7 27.Nc5 Rd4 28.Rg3 Kf8 29.Qc3 Qd8
30.Nb3 Rd1 31.Nd2 h5 32.Rd3 Qe7 33.Qd4 f6 34.Nb3 Rxd3 35.Qxd3 Kg7 36.Be2 Rd8
37.Qe3 h4 38.Bh5 Kh6 39.Bxg6 Kxg6 40.h3 Rd1+ 41.Kh2 Qd6 42.Nd2 e5 43.Qe2 Qd4
44.Nf1 Qd3 45.Qxd3 Rxd3 46.Nd2 Rc3 47.Kg1 Rc1+ 48.Kh2 Rc2 49.a3 e4 50.Nxe4 Bxe4
51.Rxc2 Bxc2 52.c5 Kf7 53.g3 hxg3+ 54.Kxg3 Ke6  0-1

[Event "COQ Inv"]
[Site "Montreal CAN"]
[Date "2010.07.25"]
[Round "3"]
[White "Jiang,L"]
[Black "Guichard,P"]
[Result "1/2-1/2"]
[WhiteElo "2312"]
[BlackElo "2320"]

1.e4 c5 2.Nf3 e6 3.d4 cxd4 4.Nxd4 Nc6 5.Nc3 Qc7 6.Be3 a6 7.Be2 Nf6 8.a3 Bd6
9.h3 O-O 10.O-O b5 11.Nxc6 Qxc6 12.Qd4 Bb7 13.Rad1 Bb8 14.Bf3 Qc7 15.g3 Ba7
16.Qd3 Bxe3 17.Qxe3 d6 18.Rd2 Nd7 19.Be2 Rad8 20.Rfd1 Nb6 21.Bf1 Qc6 22.Rd4 e5
23.R4d2 f5 24.Nd5 Nxd5 25.exd5 Qe8 26.f4 Qg6 27.fxe5 dxe5 28.Qxe5 Rde8 29.Qc7 f4
30.Qxb7 Qxg3+ 31.Kh1 f3 32.d6 Re2 33.Qd5+ Kh8 34.Rxe2 fxe2 35.Bxe2 Qxh3+
36.Kg1 Qe3+ 37.Kh1 Qh3+ 38.Kg1 Qe3+ 39.Kh1 Qh3+ 40.Kg1 Qe3+  1/2-1/2

[Event "COQ Inv"]
[Site "Montreal CAN"]
[Date "2010.07.25"]
[Round "3"]
[White "Qin,Z"]
[Black "Cornette,M"]
[Result "0-1"]
[WhiteElo "2117"]
[BlackElo "2543"]

1.e4 c5 2.Nf3 e6 3.d4 cxd4 4.Nxd4 Nc6 5.Nc3 Qc7 6.Be2 a6 7.O-O Nf6 8.Be3 Bb4
9.Nxc6 bxc6 10.Na4 O-O 11.Nb6 Rb8 12.Nxc8 Rfxc8 13.Bxa6 Rf8 14.Bd3 Bd6 15.f4 e5
16.f5 Rxb2 17.g4 Qa5 18.Kh1 Bc5 19.Bd2 Bb4 20.Bc1 Rxa2 21.Rxa2 Qxa2 22.g5 Ne8
23.Qe2 Nd6 24.Qg2 c5 25.g6 fxg6 26.fxg6 Rxf1+ 27.Bxf1 hxg6 28.Qxg6 Qf7 29.Qxf7+ Kxf7
30.Bb2 Kf6 31.Bh3 Nc4 32.Bc1 d6 33.Bf1 Na5 34.Kg1 Nc6 35.Kf2 Bc3 36.Bb5 Nb4
37.Ba4 Na2 38.Ba3 Bb4 39.Bb2 c4 40.Bb5 c3 41.Bc4 cxb2 42.Bxa2 Kg5 43.Kf3 Kh4
44.Kg2 Kg4 45.Bb1 Bc3  0-1

[Event "3rd Open"]
[Site "Paleochora GRE"]
[Date "2010.07.25"]
[Round "5"]
[White "Polzin,R"]
[Black "Kourousis,E"]
[Result "1-0"]
[WhiteElo "2494"]
[BlackElo "2229"]

1.e4 c5 2.Nf3 Nc6 3.Nc3 e6 4.d4 cxd4 5.Nxd4 Nf6 6.Ndb5 d6 7.Bf4 e5 8.Bg5 a6
9.Na3 b5 10.Nd5 Be7 11.Bxf6 Bxf6 12.c4 Bg5 13.Nc2 O-O 14.Bd3 Be6 15.O-O Bxd5
16.cxd5 Nd4 17.Nxd4 exd4 18.f4 Bf6 19.Rc1 Rc8 20.Rxc8 Qxc8 21.e5 Be7 22.Qe2 g6
23.e6 fxe6 24.dxe6 Rf6 25.f5 gxf5 26.Bxf5 Qc5 27.Qh5 d3+ 28.Kh1  1-0

[Event "TCh-MNE Premier League"]
[Site "Cetinje MNE"]
[Date "2010.07.26"]
[Round "3"]
[White "Pikula,D"]
[Black "Arsovic,Z"]
[Result "1/2-1/2"]
[WhiteElo "2547"]
[BlackElo "2446"]

1.e4 c5 2.Nf3 e6 3.d4 cxd4 4.Nxd4 Nc6 5.Nc3 Qc7 6.Be3 a6 7.Qd2 Nf6 8.O-O-O Be7
9.f3 b5 10.Kb1 Bb7 11.Qf2 O-O 12.Nxc6 Bxc6 13.Bd3 b4 14.Ne2 d5 15.e5 Nd7
16.f4 Bb5 17.Bd4 Rac8 18.Nc1 Bc5 19.Rd2 Bxd4 20.Qxd4 Bxd3 21.Nxd3  1/2-1/2

[Event "TCh-MNE Premier League"]
[Site "Cetinje MNE"]
[Date "2010.07.26"]
[Round "3"]
[White "Solak,D"]
[Black "Rajkovic,Du"]
[Result "1-0"]
[WhiteElo "2567"]
[BlackElo "2453"]

1.e4 c5 2.Nf3 e6 3.d4 cxd4 4.Nxd4 Nc6 5.Nc3 Qc7 6.g3 a6 7.Bg2 d6 8.O-O Bd7
9.a4 Nf6 10.Nb3 Be7 11.f4 Na5 12.Nxa5 Qxa5 13.Qe2 h5 14.h3 Bc6 15.Bd2 Qc7
16.Be3 b6 17.Rae1 Qb7 18.Bd4 O-O 19.g4 hxg4 20.hxg4 Rfe8 21.g5 e5 22.fxe5 dxe5
23.Be3 Nh7 24.Qh5 g6 25.Qh4 Bf8 26.Nd5 Bxd5 27.exd5 Rad8 28.Rf3 Bg7 29.Rh3 Nf8
30.Be4 Rd6 31.c4 Rc8 32.b3 b5 33.Rc1 bxc4 34.bxc4 Qd7 35.a5 Rb8 36.Bb6 Qa4
37.Bc7 Rdd8 38.Kh1 Qa2 39.Qe1 Rbc8 40.Bxd8 Rxd8 41.c5 Nh7 42.Qh4 Nf8 43.c6 Qxa5
44.Rd3 Qb6 45.d6  1-0

[Event "3rd Open"]
[Site "Paleochora GRE"]
[Date "2010.07.26"]
[Round "6"]
[White "Zinchenko,Ya"]
[Black "Prasanna,Ra"]
[Result "1/2-1/2"]
[WhiteElo "2544"]
[BlackElo "2373"]

1.e4 c5 2.Nf3 e6 3.d4 cxd4 4.Nxd4 Nc6 5.Nc3 Qc7 6.Be2 a6 7.O-O Nf6 8.Be3 Be7
9.f4 d6 10.a4 O-O 11.Kh1 Bd7 12.Nb3 b6 13.Bf3 Rfe8 14.Qe2 Bc8 15.Qc4 Bb7
16.Nd5 exd5 17.exd5 Rac8 18.dxc6 d5 19.Qd3 Qxc6 20.Nd4 Qc7 21.c3 Ne4 22.Nf5 Bc5
23.Bd4 f6 24.Rad1 Rcd8 25.Bxe4 dxe4 26.Qg3 Bxd4 27.Nxd4 Kh8 28.Qe3 Qd7 29.b3 f5
30.Rd2 Qf7 31.Rfd1 Qg6 32.Kg1 h6 33.Re1 Bd5 34.c4 Bb7 35.Nc2 Rxd2 36.Qxd2 e3
37.Nxe3 Be4 38.Nf1 Re6 39.Ng3 Rd6 40.Qe2 Rd4 41.Nxe4 fxe4 42.Qf2 Qd6 43.Qe3 Rd1
44.Rxd1 Qxd1+ 45.Kf2 a5 46.h3 Qc2+ 47.Kg3 Qd1 48.f5 Qd6+ 49.Kf2 Qf6 50.Qxe4 Qb2+
51.Kg1 Qxb3 52.Qe8+ Kh7 53.Qg6+ Kh8 54.Qe8+ Kh7 55.Qe4 Kh8 56.Qd4 Qb1+ 57.Kh2 Qxf5
58.Qxb6 Qf4+ 59.Kg1 Qxc4 60.Kf2 Qf4+ 61.Ke1 Qc1+ 62.Kf2 Qf4+ 63.Kg1 Qc1+
64.Kh2 Qf4+ 65.g3 Qc4 66.Qxa5 Qe2+ 67.Kg1 Qe3+ 68.Kg2 Qe2+  1/2-1/2